00910nam a2200229 a 450000100100000000500170001000800410002702000150006804000250008308200150010810000360012324500940015926000370025330000210029050000330031150000430034450400290038704900090041695201130042595201250053899900170066300002098420200930011215.0100825s1997 sp 000 0 spa d a8478290133 aDO-SdBNPbspacBNPHU axxxbS226i1 aSanguino Botella, Javier94394110aIniciación a Letex2e :bun sistema para preparar documentos /cJavier Sanguino Botella. aMadrid :bAddison-Wesley,c1997. a213 p. ;c25 cm. aIncluye índice de nombres. aIncluye notas al pie de las páginas. aBibliografía : p. 207. aBNGR 001050718MOaGRbGRcHDd2010-08-25iLF1l0oxxx S226ip20984-10r2020-06-25w2020-06-25y1ZNo se presta 001054728MOaGRbGRcCTd2011-02-17iLF1l0oxxx S226ip20984-20r2020-06-25te. 2w2020-06-25y4ZPréstamo en sala c20487d20487